| 000 | 01371nam a2200385 c 4500 | ||
|---|---|---|---|
| 003 | BLK | ||
| 005 | 20250228005531.0 | ||
| 008 | 180411b bul|||||r ||||||| ||bul|| | ||
| 010 | _aKNG00190153000 | ||
| 020 |
_a0-00-713940-3 _bиздат.: Harper Perennial |
||
| 020 |
_a978-0007139408 _bиздат.: Harper Perennial |
||
| 040 | _aBLK | ||
| 041 |
_aENG _cENG |
||
| 072 | 7 |
_2bullib _aН5000 _xЕкология Н |
|
| 080 |
_aКлиматология - Климатически зони (степни, пустинни и т. н.), местен климат, синоптическа климатология и др. _b551.58 _x _z551.58 |
||
| 100 | 1 |
_aLynas, Mark _eпърви автор _917414 |
|
| 139 |
_aLynas, Mark _bL 99 |
||
| 245 | 1 | 0 |
_aHigh Tide _cMark Lynas. |
| 257 | _aBGR | ||
| 260 |
_аLondon _bHarper Perennial _c2005 |
||
| 300 |
_a349 p. _c20 cm |
||
| 380 | _aX | ||
| 650 | 4 |
_aКлимат - промени _9251573 |
|
| 650 | 0 |
_aГлобални проблеми на човечеството _9270201 |
|
| 653 | _aклимат | ||
| 653 | _aоколна среда | ||
| 653 | _aпроблеми | ||
| 659 | _aН | ||
| 852 | _aЦб 282141 | ||
| 856 | 4 |
_qpdf _u |
|
| 856 | 4 |
_qpdf _u |
|
| 942 |
_cKNG _n0 _01 |
||
| 944 |
_aCR _c31.08.2016 _k _lCRON CRON |
||
| 944 |
_aED _c01.08.2017 _kСимона_Петрова |
||
| 999 |
_c181260 _d181260 |
||